Thủy lực biển
vv
Đã lưu trong:
| Tác giả chính: | |
|---|---|
| Định dạng: | Sách |
| Năm xuất bản: |
H.
Đại học Quốc gia
2003
|
| Chủ đề: | |
| Tags: |
Thêm thẻ
Không có thẻ, Hãy là người đầu tiên gắn thẻ bản ghi này!
|
| LEADER | 00976nam a2200181 4500 | ||
|---|---|---|---|
| 082 | |a 551.46 |b Đ312V | ||
| 100 | |a Đinh Văn Ưu | ||
| 245 | |a Thủy lực biển |c Đinh Văn Ưu, Nguyễn Thọ Sáo, Phùng Đăng Hiếu | ||
| 260 | |a H. |b Đại học Quốc gia |c 2003 | ||
| 300 | |a 252tr. |c 21cm | ||
| 520 | |a vv | ||
| 653 | |a Hải dương học | ||
| 653 | |a Thủy lực biển | ||
| 942 | |2 ddc |c STK0 | ||
| 999 | |c 1339 |d 1339 | ||
| 952 | |0 0 |1 0 |2 ddc |4 0 |6 551_460000000000000_Đ312V |7 1 |8 500 |9 24841 |a qbu |b qbu |c D3 |d 2014-12-08 |g 50000 |o 551.46 Đ312V |p 4542.C1 |r 0000-00-00 |w 2014-12-08 |y STK0 |0 0 |6 551_460000000000000_Đ312V | ||
| 952 | |0 0 |1 0 |2 ddc |4 0 |6 551_460000000000000_Đ312V |7 0 |8 500 |9 24842 |a qbu |b qbu |c D3 |d 2014-12-08 |g 50000 |o 551.46 Đ312V |p 4542.C2 |r 0000-00-00 |w 2014-12-08 |y STK0 |0 0 |6 551_460000000000000_Đ312V | ||
| 952 | |0 0 |1 0 |2 ddc |4 0 |6 551_460000000000000_Đ312V |7 0 |8 500 |9 24843 |a qbu |b qbu |c D3 |d 2014-12-08 |g 50000 |o 551.46 Đ312V |p 4542.C3 |r 0000-00-00 |w 2014-12-08 |y STK0 |0 0 |6 551_460000000000000_Đ312V | ||